Three years in the Assembly (Record no. 371245)

000 -LEADER
fixed length control field 00338cam a22001217a 4500
008 - FIXED-LENGTH DATA ELEMENTS--GENERAL INFORMATION
fixed length control field 180718b1926 xxu||||| |||| 00| 0 eng d
082 ## - DEWEY DECIMAL CLASSIFICATION NUMBER
Classification number A99 Iy9t
100 ## - MAIN ENTRY--PERSONAL NAME
Personal name Iyar, C.S. Ranga
245 ## - TITLE STATEMENT
Title Three years in the Assembly
Statement of responsibility, etc. by C.S.Ranga Iyar
260 ## - PUBLICATION, DISTRIBUTION, ETC.
Place of publication, distribution, etc. Lucknow
Name of publisher, distributor, etc. Indian Daily Telegraph
Date of publication, distribution, etc. 1926
300 ## - PHYSICAL DESCRIPTION
Extent 63p.
650 ## - SUBJECT ADDED ENTRY--TOPICAL TERM
Topical term or geographic name entry element Iyer, C.S. Ranga
Holdings
Withdrawn status Lost status Damaged status Not for loan Permanent Location Current Location Date acquired Full call number Barcode Date last seen Price effective from Koha item type
        Indian Institute of Public Administration Indian Institute of Public Administration 1994-06-09 A99 Iy9t 34735 2018-07-21 2018-07-21 Book

Powered by Koha